L'historie, i: rome et le moyen âge, 753 av. j.c. - 1492 / malet et isaac :

Guardado en:
Autor Principal: Malet, Albert
Otros Autores: Alba, Andre, Jules, Isaac
Formato: Libro
Publicado: Cher : Marabout, 1958
Materias:
Etiquetas: Agregar Etiqueta
Sin Etiquetas, Sea el primero en etiquetar este registro!
LEADER 00717nam a22002415a 4500
001 EHU.bham045341
003 AR-BHAM
005 20180817130351.0
008 130507s1958##################000#0#####d
020 |a 2501002210 
082 9 4 |a 944 
100 1 |a Malet, Albert 
245 1 0 |a L'historie, i: rome et le moyen âge, 753 av. j.c. - 1492 /  |b  malet et isaac :  |c  Andre Alba : 
260 |a Cher :  |b Marabout,  |c 1958 
300 |a 282 p. 
653 |a Historia universal 
653 |a Roma-historia de, 753-1492 
653 |a Edad media 
653 |a Colección llull 
700 1 |a Alba, Andre 
700 1 |a Malet, Albert 
700 1 |a Jules, Isaac 
859 |a AR-BHAM  |b BIB. HUMANIDADES - General  |h 944  |i M294  |p 338.09  |t Ej.1  |v I  |3 I